Introduction to electricity, electronics, and electromagnetics / (Record no. 74)
[ view plain ]
| 000 -LEADER | |
|---|---|
| fixed length control field | 01568nac a22002651u 4500 |
| 010 ## - LIBRARY OF CONGRESS CONTROL NUMBER | |
| LC control number | 00053766 |
| 020 ## - INTERNATIONAL STANDARD BOOK NUMBER | |
| International Standard Book Number | 0130105732 |
| 082 00 - DEWEY DECIMAL CLASSIFICATION NUMBER | |
| Classification number | 621.3 |
| Item number | B7927 |
| 090 ## - LOCALLY ASSIGNED LC-TYPE CALL NUMBER (OCLC); LOCAL CALL NUMBER (OCLC) | |
| -- | 74 |
| -- | 74 |
| 100 ## - MAIN ENTRY--PERSONAL NAME | |
| Personal name | Boylestad, Robert L. |
| 245 10 - TITLE STATEMENT | |
| Title | Introduction to electricity, electronics, and electromagnetics / |
| Statement of responsibility, etc | Robert L. Boylestad, Louis Nashelsky. |
| 250 ## - EDITION STATEMENT | |
| Edition statement | 5th ed. |
| 260 ## - PUBLICATION, DISTRIBUTION, ETC. (IMPRINT) | |
| Place of publication, distribution, etc | Upper Saddle River, NJ : |
| Name of publisher, distributor, etc | Prentice Hall, |
| Date of publication, distribution, etc | c2002. |
| 300 ## - PHYSICAL DESCRIPTION | |
| Extent | xiv, 666 p. : |
| Other physical details | ill. ; |
| Dimensions | 27 cm. |
| 500 ## - GENERAL NOTE | |
| General note | Rev. ed. of: Electronics. 4th ed., c1996. |
| 500 ## - GENERAL NOTE | |
| General note | Includes index. |
| 505 8# - FORMATTED CONTENTS NOTE | |
| Formatted contents note | Machine generated contents note: 1 Introduction 1 -- 2 Dc Networks 5 -- 3 Series-Parallel Dc Networks, Theorems, and Storage Elements 73 -- 4 Ac Networks 131 -- 5 Ac Network Theorems, Polyphase Systems, and Resonance 197 -- 6 Electromagnetism 255 -- 7 Generators and Motors 293 -- 8 Two-Terminal Electronic Devices 339 -- 9 Transistors and Other Important Electronic Devices 399 -- 10 Operational Amplifiers (Op-Amps) 477 -- 11 Multistage and Large-Signal Amplifiers 495 -- 12 Communications 531 -- 13 Digital Computers 561 -- 14 Control Systems 587 -- 15 Power Supplies: Linear ICs and Regulators 607. |
| 650 #0 - SUBJECT ADDED ENTRY--TOPICAL TERM | |
| Topical term or geographic name as entry element | Electric engineering. |
| 650 #0 - SUBJECT ADDED ENTRY--TOPICAL TERM | |
| Topical term or geographic name as entry element | Electronics. |
| 700 1# - ADDED ENTRY--PERSONAL NAME | |
| Personal name | Nashelsky, Louis. |
| 700 1# - ADDED ENTRY--PERSONAL NAME | |
| Personal name | Boylestad, Robert L. |
| 856 41 - ELECTRONIC LOCATION AND ACCESS | |
| Materials specified | Table of contents |
| Uniform Resource Identifier | <a href="http://www.loc.gov/catdir/toc/fy033/00053766.html">http://www.loc.gov/catdir/toc/fy033/00053766.html</a> |
| 942 ## - ADDED ENTRY ELEMENTS (KOHA) | |
| Item type | Book - Borrowing |
| Call number prefix | 621.3B7927 |
| Withdrawn status | Item status | Damaged status | Not for loan | Home library | Current library | Shelving location | Date acquired | Source of acquisition | Total Checkouts | Total Renewals | Full call number | Barcode | Date last seen | Date last borrowed | Cost, replacement price | Koha item type |
|---|---|---|---|---|---|---|---|---|---|---|---|---|---|---|---|---|
| Central Library | Central Library | First floor | 05/12/2015 | Purchase | 5 | 50 | 621.3 BOY | 000004707 | 15/07/2025 | 13/11/2024 | 293.00 | Book - Borrowing |